000 00765cam a2200265 i 4500
999 _c233
_d233
001 4139805
003 OSt
005 20190930161757.0
008 770627s1978 nyua b 001 0 eng
010 _a 77024763
020 _a0070353727
040 _aDLC
_cDLC
_dDLC
050 0 0 _aHD31
_b.K62 1978
082 0 0 _a658 KOO 1978
100 1 _aKoontz, Harold; O'Donnell, Cyril,
_d1908-
_9618
245 1 0 _aEssentials of Management
250 _a2d ed.
260 _aNew York;
_bMcGraw-Hill,
_cc1978.
300 _axii, 562 p. :
_bill. ;
_c25 cm.
490 0 _aMcGraw-Hill series in management
504 _aIncludes bibliographical references and index.
650 0 _aManagement.
_9619
906 _a7
_bcbc
_corignew
_d1
_eocip
_f19
_gy-gencatlg
942 _2z
_cB_BANK